Water balance in the rubber growing regions (Record no. 72286)

MARC details
000 -LEADER
fixed length control field 00404nam a2200157Ia 4500
100 ## - MAIN ENTRY--AUTHOR NAME
Personal name Rao P S
245 #0 - TITLE STATEMENT
Title Water balance in the rubber growing regions
260 ## - PUBLICATION, DISTRIBUTION, ETC. (IMPRINT)
Name of publisher Plant Physiology and Biochemistry
Year of publication 1993
300 ## - PHYSICAL DESCRIPTION
Number of Pages 53-58
650 ## - SUBJECT ADDED ENTRY--TOPICAL TERM
Topical Term Agroclimate
650 ## - SUBJECT ADDED ENTRY--TOPICAL TERM
Topical Term Evapotranspiration
650 ## - SUBJECT ADDED ENTRY--TOPICAL TERM
Topical Term Hevea
650 ## - SUBJECT ADDED ENTRY--TOPICAL TERM
Topical Term Water balance
942 ## - ADDED ENTRY ELEMENTS (KOHA)
Koha item type Journals
Holdings
Withdrawn status Lost status Damaged status Not for loan Home library Current library Shelving location Date acquired Serial Enumeration / chronology Koha item type
      Journals RRII Library RRII Library Physiology 17/12/2021 Volume 20, Issue 1 Journals